RESPUESTA SOCIALISTA AL DESAFIO AMERICANO

Kaydedildi:
Detaylı Bibliyografya
Yazar: Mandel, Ernest (autor)
Materyal Türü: Kitap
Etiketler: Etiketle
Etiket eklenmemiş, İlk siz ekleyin!

MARC

LEADER 00000nam^a2200000^a^4500
001 000202458
005 20250521000000.0
009 20260310102942.836
035 |a 030098 
037 |a Acervo Xavier Clavigero 
082 |a 972. 3  |b MAN 
100 |a Mandel, Ernest  |e (autor) 
245 1 0 |a RESPUESTA SOCIALISTA AL DESAFIO AMERICANO 
264 |a COLOMBIA :  |b EL TIGRE DE PAPEL,  |c 1970 
300 |a 187 p. 
336 |a texto  |b txt  |2 rdacontenido 
337 |a sin mediación  |b n  |2 rdamedio 
338 |a volumen  |b nc  |2 rdasoporte 
649 |a XX 
910 |a Fondo General 
920 |a Impresos - Libros 
930 |a Colección General 
905 |a 101 
901 |a 030098  |b IT1  |c ACC  |i 030098  |u 20250521 
902 |a https://opac.biblio.iteso.mx/vufind/Record/000202458